A regional house price model of excess demand for housing (Record no. 109631)

MARC details
000 -LEADER
fixed length control field 01688cad a22002655a 4500
001 - CONTROL NUMBER
control field E147579
008 - FIXED-LENGTH DATA ELEMENTS--GENERAL INFORMATION
fixed length control field 090526s2009 xxk f 000 0 eng d
020 ## - INTERNATIONAL STANDARD BOOK NUMBER
International Standard Book Number 9781842195109
035 ## - SYSTEM CONTROL NUMBER
System control number (Sirsi) u147579
041 0# - LANGUAGE CODE
Language code of text/sound track or separate title eng
050 04 - LIBRARY OF CONGRESS CALL NUMBER
Classification number 306.1 $2 18
100 1# - MAIN ENTRY--PERSONAL NAME
Personal name Levin, Eric J.
245 02 - TITLE STATEMENT
Title A regional house price model of excess demand for housing
Medium [electronic resource]
260 ## - PUBLICATION, DISTRIBUTION, ETC.
Place of publication, distribution, etc. London
Name of publisher, distributor, etc. RICS
Date of publication, distribution, etc. 2009
490 #0 - SERIES STATEMENT
Series statement RICS Research
505 2# - FORMATTED CONTENTS NOTE
Formatted contents note About the authors -- Foreword -- Summary and overview: the problem; the source of the problem; the empirical model -- The insights: introduction; background to the study; intuitive introduction to the model -- Theoretical model: short run equilibrium; long run equilibrium -- Empirical model: data; results; results for "The North" for 1994q4 to 2008q2 -- Conclusions -- References
520 ## - SUMMARY, ETC.
Summary, etc. Presents the results of research into new ways of using the data from the RICS Housing Market Survey, which has been published since 1978. This report looks at ways of combining data from the RICS Housing Market Survey on stocks of unsold properties with house price indices produced by the Nationwide. The aim was to assess the possibility of creating a new house price model which would incorporate the effect of changing demand firstly on observed prices and then on equilibrium prices for housing.
521 ## - TARGET AUDIENCE NOTE
Target audience note Advanced
590 ## - LOCAL NOTE (RLIN)
Local note KA
651 #4 - SUBJECT ADDED ENTRY--GEOGRAPHIC NAME
Geographic name Great Britain
Chronological subdivision 1707-
690 ## - LOCAL SUBJECT ADDED ENTRY--TOPICAL TERM (OCLC, RLIN)
Topical term or geographic name as entry element PROPERTY-RESIDENTIAL PROPERTY-RESIDENTIAL PROPERTY MARKET
700 1# - ADDED ENTRY--PERSONAL NAME
Personal name Pryce, Gwilym
856 40 - ELECTRONIC LOCATION AND ACCESS
Uniform Resource Identifier <a href="https://www.rics.org/RICSWEB/getpage.aspx?p=Y_92KmrIRke3m_2WxVmnrw">https://www.rics.org/RICSWEB/getpage.aspx?p=Y_92KmrIRke3m_2WxVmnrw</a>
Public note View the research free of charge at www.rics.org...
942 ## - ADDED ENTRY ELEMENTS (KOHA)
Suppress in OPAC 0
Holdings
Withdrawn status Lost status Source of classification or shelving scheme Damaged status Not for loan Home library Current library Shelving location Date acquired Total Checkouts Full call number Barcode Date last seen Copy number Price effective from Koha item type
    Dewey Decimal Classification     Virtual Virtual Online 26/05/2009   ONLINE PUBLICATION 147579-2001 06/08/2019 1 06/08/2019 Book